000 00697nam a2200229Ia 4500
003 OSt
005 20221005133826.0
006 a|||||r|||| 00| 0
007 ta
008 221004b |||||||| |||| 00| 0 pan d
024 _a63315
037 _cTextual
040 _aCRL
_cCRL
_bpan
041 _2pan
_apan
082 _aO153,3M72:g, M3
100 _aਭਗਵਾਨ ਦਾਸ, ਂਚ.
245 0 _aਭਾਣੀ ਵੀਰ ਸਿੰਘ ਦੇ ਨਾਵਲਾਂ ਦੇ ਨਾਰੀ ਪਾਤਰ
260 _c1983
650 _aਪੰਜਾਬੀ ਸਾਹਿਤ
942 _hO153,3M72:g, M3
_cTEXL
_2cc
999 _c1067997
_d1067997